| 000 | 00501cam a2200193 4500 | ||
|---|---|---|---|
| 001 | D12221 | ||
| 008 | 090401t1964 xxu||||| |||| 00| 0 eng d | ||
| 035 | _a(Sirsi) u2078 | ||
| 041 | _aeng | ||
| 100 | _aBoynton, John K | ||
| 245 | _aCompulsory purchase and compensation : a practical guide to the law. | ||
| 260 |
_aLondon _bOyez Publications _c1964 |
||
| 300 | _a131p. ; 22cm. | ||
| 350 | _a0 | ||
| 490 |
_aOyez Practice Notes _v53 |
||
| 520 | _aShelf 300 | ||
| 942 | _n0 | ||
| 948 | _c04/03/1997 | ||
| 999 |
_c85728 _d85728 |
||